Top 10 joueurs mieux payés du PSG (saison 2023/2024) - Statistiques

Statistiques générales
  • Ce quiz a été pris 216 fois
  • Le résultat moyen est 7 sur 10
Statistiques - réponses
Hint Réponse % Correct
1 - (6M€) kylian Mbappé
96%
2 - (1,2M€) Ousmane Dembélé
93%
9 - (738,6K€) Achraf Hakimi
84%
3 - (1,2M€) Marquinhos
82%
8 - (750K€) Randal Kolo Muani
71%
4 - (1,1M€) Lucas Hernandez
63%
6 - (849,5K€) Gianluigi Donnaruma
60%
5 - (1,1M€) Skriniar
45%
7 - (831K€) Marco Asensio
36%
10 - (700K€) Nordi Mukiele
25%
Aucun quiz correspondant
Distribution des résultats
% des personnes avec chaque résultat
Percentile par nombre de réponses
Votre historique - résultats
Vous n’avez pas pris ce quiz